Budget policy of development of Ukraine’s agrarian sector: achievements, trends and prospects
Problémy a výhľady súčasnej rozpočtovej politiky rozvoja poľnohspodárskeho sektora na Ukrajine. Prehľad existujúcich vládnych programov na finančnú podporu poľnohospodárskych producentov.
Salvato in:
| Autore principale: | |
|---|---|
| Natura: | Capitolo di libro |
| Lingua: | inglese |
| Soggetti: | |
| Tags: |
Nessun Tag, puoi essere il primo ad aggiungerne!!
|
MARC
| LEADER | 00000nla a2200000 4500 | ||
|---|---|---|---|
| 001 | 0228419 | ||
| 005 | 20240417075112.6 | ||
| 041 | 0 | |a eng | |
| 044 | |a DE | ||
| 245 | 1 | 0 | |a Budget policy of development of Ukraine’s agrarian sector: achievements, trends and prospects |c O.O. Iatsukh |
| 520 | |a Problémy a výhľady súčasnej rozpočtovej politiky rozvoja poľnohspodárskeho sektora na Ukrajine. Prehľad existujúcich vládnych programov na finančnú podporu poľnohospodárskych producentov. | ||
| 610 | 2 | 0 | |a financovanie |
| 610 | 2 | 0 | |a politika fiškálna |
| 610 | 2 | 0 | |a poľnohospodárstvo |
| 610 | 2 | 0 | |a výroba poľnohospodárska |
| 610 | 2 | 0 | |a podpora podnikania |
| 610 | 2 | 0 | |a rozpočet štátny |
| 610 | 2 | 0 | |a Ukrajina |
| 100 | 1 | |a Iatsukh, O.O. | |